Narodowości skoczków narciarskich #1 - Statystyki

Ogólne statystyki
  • Ten quiz został rozwiązany 162 razy
  • Średni wynik to 15 z 15
Statystyki odpowiedzi
Zagadnienie Odpowiedź % Poprawnych
Który kraj na arenie międzynarodowej reprezentuje Vladimir Zografski? Bułgaria
100%
Który kraj na arenie międzynarodowej reprezentuje Roman Koudelka? Czechy
100%
Który kraj na arenie międzynarodowej reprezentuje Noriaki Kasai? Japonia
100%
Który kraj na arenie międzynarodowej reprezentuje Karl Geiger? Niemcy
100%
Który kraj na arenie międzynarodowej reprezentuje Halvor Egner Granerud? Norwegia
100%
Który kraj na arenie międzynarodowej reprezentuje Domen Prevc? Słowenia
100%
Który kraj na arenie międzynarodowej reprezentuje Andreas Wellinger? Niemcy
98%
Który kraj na arenie międzynarodowej reprezentuje Kristoffer Eriksen Sundal? Norwegia
98%
Który kraj na arenie międzynarodowej reprezentuje Marius Lindvik? Norwegia
98%
Który kraj na arenie międzynarodowej reprezentuje Daniel Huber? Austria
97%
Który kraj na arenie międzynarodowej reprezentuje Constantin Schmid? Niemcy
97%
Który kraj na arenie międzynarodowej reprezentuje Lovro Kos? Słowenia
95%
Który kraj na arenie międzynarodowej reprezentuje Clemens Aigner? Austria
94%
Który kraj na arenie międzynarodowej reprezentuje Mackenzie Boyd-Clowes? Kanada
94%
Który kraj na arenie międzynarodowej reprezentuje Artti Aigro? Estonia
91%
Nie znaleziono quizów pasujących do podanych kryteriów
Rozkład punktacji
Procent ludzi z każdym wynikiem
Percentyl według liczby udzielonych odpowiedzi
Twoja historia wyników
Nie rozwiązałeś tego quizu